NBA Scandals - Statistics

General Stats
  • This quiz has been taken 95 times
    92 since last reset
  • The average score is 9 of 20
Answer Stats
Controversy/Scandal Answer % Correct
Took his talents to South Beach LeBron James
85%
Retirement due to father's death may have been a secret 1-year suspension for gambling Michael Jordan
82%
Started the Malice at the Palace, the worst brawl in NBA history Ron Artest
79%
Caught on video sucker punching and knocking out Jordan Poole Draymond Green
70%
Supposedly impregnated a 13 year-old girl Karl Malone
70%
Arrested in 2003 for alleged sexual assault Kobe Bryant
62%
Promoted anti-semitic conspiracy theories Kyrie Irving
56%
Brought guns to his team's locker room Gilbert Arenas
55%
Choked his coach, P.J. Carlesimo out Latrell Sprewell
45%
Controversially vetoed Chris Paul's trade to the Lakers David Stern
41%
Died of a cocaine overdose 48 hours after being drafted 2nd overall Len Bias
41%
Purposedly injured Kawhi Leonard to knock the Spurs out of the playoffs Zaza Pachulia
39%
Forced to sell the Los Angeles Clippers after making racist remarks Donald Sterling
37%
Pled guilty to betting on games he officiated while a referee Tim Donaghy
31%
Had an "inappropriate" relationship with a female coworker Ime Udoka
30%
Threw a man through a bar window Charles Barkley
25%
Punched and almost killed Rudy Tomjanovich on the court Kermit Washington
24%
Ejected Tim Duncan from a game for laughing Joey Crawford
18%
Domestic abuse towards his wife Jason Kidd
17%
Said he hates gay people Tim Hardaway
17%
No matching quizzes found
Score Distribution
Percent of People with Each Score
Percentile by Number Answered
Your Score History
You have not taken this quiz since the last reset